000
00290nam a2200097Ia 4500
082
_a
J|363.69|MORR
245
0
_a
Protecting the past : history conservation
100
_a
Morrison, Yvonne, , 1972- Oxford, 2009
_9
66284
942
_c
BK
008
210817s9999 xx 000 0 und d
999
_c
212563
_d
212560